<?xml version="1.0" encoding="UTF-8"?><?xml-stylesheet type="text/xsl" href="static/style.xsl"?><OAI-PMH xmlns="http://www.openarchives.org/OAI/2.0/" xmlns:xsi="http://www.w3.org/2001/XMLSchema-instance" xsi:schemaLocation="http://www.openarchives.org/OAI/2.0/ http://www.openarchives.org/OAI/2.0/OAI-PMH.xsd"><responseDate>2026-04-18T04:10:15Z</responseDate><request verb="GetRecord" identifier="oai:www.recercat.cat:20.500.12328/5188" metadataPrefix="marc">https://recercat.cat/oai/request</request><GetRecord><record><header><identifier>oai:recercat.cat:20.500.12328/5188</identifier><datestamp>2026-01-28T13:12:33Z</datestamp><setSpec>com_2072_67741</setSpec><setSpec>col_2072_484352</setSpec></header><metadata><record xmlns="http://www.loc.gov/MARC21/slim" xmlns:dcterms="http://purl.org/dc/terms/" xmlns:xsi="http://www.w3.org/2001/XMLSchema-instance" xmlns:doc="http://www.lyncode.com/xoai" xsi:schemaLocation="http://www.loc.gov/MARC21/slim http://www.loc.gov/standards/marcxml/schema/MARC21slim.xsd">
   <leader>00925njm 22002777a 4500</leader>
   <datafield ind2=" " ind1=" " tag="042">
      <subfield code="a">dc</subfield>
   </datafield>
   <datafield ind2=" " ind1=" " tag="720">
      <subfield code="a">Porta-Sales, Josep</subfield>
      <subfield code="e">author</subfield>
   </datafield>
   <datafield ind2=" " ind1=" " tag="720">
      <subfield code="a">Guerrero Torrelles, Maria</subfield>
      <subfield code="e">author</subfield>
   </datafield>
   <datafield ind2=" " ind1=" " tag="720">
      <subfield code="a">Moreno-Alonso, Deborah</subfield>
      <subfield code="e">author</subfield>
   </datafield>
   <datafield ind2=" " ind1=" " tag="720">
      <subfield code="a">Sarrà-Escarré, Josep</subfield>
      <subfield code="e">author</subfield>
   </datafield>
   <datafield ind2=" " ind1=" " tag="720">
      <subfield code="a">Clapés-Puig, Victòria</subfield>
      <subfield code="e">author</subfield>
   </datafield>
   <datafield ind2=" " ind1=" " tag="720">
      <subfield code="a">Trelis-Navarro, Jordi</subfield>
      <subfield code="e">author</subfield>
   </datafield>
   <datafield ind2=" " ind1=" " tag="720">
      <subfield code="a">Sureda, Anna</subfield>
      <subfield code="e">author</subfield>
   </datafield>
   <datafield ind2=" " ind1=" " tag="720">
      <subfield code="a">Fernández de Sevilla-Ribosa, Alberto</subfield>
      <subfield code="e">author</subfield>
   </datafield>
   <datafield ind2=" " ind1=" " tag="260">
      <subfield code="c">2017-11</subfield>
   </datafield>
   <datafield ind2=" " ind1=" " tag="520">
      <subfield code="a">Context. Evidence for the benefits of early palliative care (EPC) in patients with solid tumors is strong, but EPC has received scant attention in hematologic malignancies. Objective. To assess the benefits of outpatient-based EPC for symptom control in patients with multiple myeloma. Methods. Retrospective study of patients attending the Multiple Myeloma Palliative Care Clinic at our hospital in the year 2013 (February 1eDecember 31). The following symptoms were assessed at baseline and at three follow-up consultations using a Numerical Visual Scale (0 ¼ no symptoms; 10 ¼ worst possible): pain, anorexia, constipation, insomnia, nausea/ vomiting, dyspnea, anxiety, and sadness. Physical and emotional symptom burden scores were calculated. Pain interference with general activity, sleep, and mood was also evaluated. Results. About 67 patients were included. The proportion of patients reporting moderate-to-severe pain (Numerical Visual Scale $5) decreased significantly from baseline to the final follow-up: worst pain decreased from 57% to 18% (P &lt; 0.0001), whereas average pain fell from 24% to 2% (P &lt; 0.0001). The percentage of patients reporting no pain interference increased significantly from baseline: general activity (52% vs. 82%; P ¼ 0.0001), sleep (73% vs. 91%; P ¼ 0.01), and mood (52% vs. 87.5%; P ¼ 0.0001). Physical and emotional symptom burden also improved, with significantly fewer patients reporting depression (13% vs. 5%; P ¼ 0.001). Most patients (86.6%) were alive and still attending the Multiple Myeloma Palliative Care Clinic at study end. Conclusions. These findings indicate that EPC is feasible in patients with multiple myeloma. Pain and other symptoms were well controlled. J Pain Symptom Manage 2017;54:692e700. 2017 American Academy of Hospice and Palliative Medicine. Published by Elsevier Inc. All rights reserved.</subfield>
   </datafield>
   <datafield ind1="8" ind2=" " tag="024">
      <subfield code="a">Porta-sales, Josep; Guerrero Torrelles, Maria; Moreno-Alonso, Deborah[et al.]. Is Early Palliative Care Feasible in Patients With Multiple Myeloma? Journal of Pain and Symptom Management. 2017, 54(5), páginas 692-670. Disponible en &lt;https://pubmed.ncbi.nlm.nih.gov/28807703/>. Fecha de acceso: 27 ene. 2026. DOI: 10.1016/j.jpainsymman.2017.04.012</subfield>
   </datafield>
   <datafield ind1="8" ind2=" " tag="024">
      <subfield code="a">0885-3924</subfield>
   </datafield>
   <datafield ind1="8" ind2=" " tag="024">
      <subfield code="a">http://hdl.handle.net/20.500.12328/5188</subfield>
   </datafield>
   <datafield ind1="8" ind2=" " tag="024">
      <subfield code="a">http://dx.doi.org/10.1016/j.jpainsymman.2017.04.012</subfield>
   </datafield>
   <datafield tag="653" ind2=" " ind1=" ">
      <subfield code="a">Palliative care</subfield>
   </datafield>
   <datafield tag="653" ind2=" " ind1=" ">
      <subfield code="a">Palliative medicine</subfield>
   </datafield>
   <datafield tag="653" ind2=" " ind1=" ">
      <subfield code="a">Hematology</subfield>
   </datafield>
   <datafield tag="653" ind2=" " ind1=" ">
      <subfield code="a">Multiple myeloma</subfield>
   </datafield>
   <datafield tag="653" ind2=" " ind1=" ">
      <subfield code="a">Pain</subfield>
   </datafield>
   <datafield tag="653" ind2=" " ind1=" ">
      <subfield code="a">Neoplasms</subfield>
   </datafield>
   <datafield tag="653" ind2=" " ind1=" ">
      <subfield code="a">Hematología</subfield>
   </datafield>
   <datafield tag="653" ind2=" " ind1=" ">
      <subfield code="a">Mieloma múltiple</subfield>
   </datafield>
   <datafield tag="653" ind2=" " ind1=" ">
      <subfield code="a">Dolor</subfield>
   </datafield>
   <datafield tag="653" ind2=" " ind1=" ">
      <subfield code="a">Neoplasias</subfield>
   </datafield>
   <datafield tag="653" ind2=" " ind1=" ">
      <subfield code="a">Cuidados paliativos</subfield>
   </datafield>
   <datafield tag="653" ind2=" " ind1=" ">
      <subfield code="a">Medicina paliativa</subfield>
   </datafield>
   <datafield tag="653" ind2=" " ind1=" ">
      <subfield code="a">Cures pal·liatives</subfield>
   </datafield>
   <datafield tag="653" ind2=" " ind1=" ">
      <subfield code="a">Medicina pal·liativa</subfield>
   </datafield>
   <datafield tag="653" ind2=" " ind1=" ">
      <subfield code="a">Hematologia</subfield>
   </datafield>
   <datafield tag="653" ind2=" " ind1=" ">
      <subfield code="a">Mieloma múltiple</subfield>
   </datafield>
   <datafield tag="653" ind2=" " ind1=" ">
      <subfield code="a">Dolor</subfield>
   </datafield>
   <datafield tag="653" ind2=" " ind1=" ">
      <subfield code="a">Neoplàsies</subfield>
   </datafield>
   <datafield ind2="0" ind1="0" tag="245">
      <subfield code="a">Is Early Palliative Care Feasible in Patients With Multiple Myeloma?</subfield>
   </datafield>
</record></metadata></record></GetRecord></OAI-PMH>